Financial management and accounting in the public sector (Record no. 367375)
[ view plain ]
| 000 -LEADER | |
|---|---|
| fixed length control field | 00709nam a22002177a 4500 |
| 003 - CONTROL NUMBER IDENTIFIER | |
| control field | 0 |
| 005 - DATE AND TIME OF LATEST TRANSACTION | |
| control field | 20250407094210.0 |
| 008 - FIXED-LENGTH DATA ELEMENTS--GENERAL INFORMATION | |
| fixed length control field | 250404b xxu||||| |||| 00| 0 eng d |
| 020 ## - INTERNATIONAL STANDARD BOOK NUMBER | |
| International Standard Book Number | 978-1-032-15730-6 |
| 050 ## - LIBRARY OF CONGRESS CALL NUMBER | |
| Classification number | HJ 9801 |
| Item number | .B36 2023 |
| 100 ## - MAIN ENTRY--PERSONAL NAME | |
| Personal name | Bandy, Gary |
| 245 ## - TITLE STATEMENT | |
| Title | Financial management and accounting in the public sector |
| Statement of responsibility, etc | Gary Bandy |
| 250 ## - EDITION STATEMENT | |
| Remainder of edition statement | Third edition |
| 260 ## - PUBLICATION, DISTRIBUTION, ETC. (IMPRINT) | |
| Place of publication, distribution, etc | Chennai, India |
| Name of publisher, distributor, etc | Deanta Global Publishing Services |
| Date of publication, distribution, etc | 2023 |
| 300 ## - PHYSICAL DESCRIPTION | |
| Extent | xxi, 391 pages; |
| Dimensions | 23cm. |
| 504 ## - BIBLIOGRAPHY, ETC. NOTE | |
| Bibliography, etc | Includes glossary and indexes. |
| 650 ## - SUBJECT ADDED ENTRY--TOPICAL TERM | |
| Topical term or geographic name as entry element | Public administration—Financial management. |
| 650 ## - SUBJECT ADDED ENTRY--TOPICAL TERM | |
| Topical term or geographic name as entry element | Public sector—Accounting. |
| 650 ## - SUBJECT ADDED ENTRY--TOPICAL TERM | |
| Topical term or geographic name as entry element | Public finance--Public budgeting. |
| 942 ## - ADDED ENTRY ELEMENTS (KOHA) | |
| Source of classification or shelving scheme | Library of Congress Classification |
| Koha item type | Books |
| Withdrawn status | Lost status | Source of classification or shelving scheme | Damaged status | Home library | Current library | Shelving location | Date acquired | Source of acquisition | Sub Shelving location | Total Checkouts | Full call number | Barcode | Date last seen | Price effective from | Koha item type |
|---|---|---|---|---|---|---|---|---|---|---|---|---|---|---|---|
| Library of Congress Classification | College Library | College Library | Graduate Section | 04/04/2025 | Library Fund | HJ 9801 .B36 2023 | C24309 | 04/04/2025 | 04/04/2025 | Books |